[Event "SUI Grand Prix"]
[Site "SUI"]
[Date "1990.??.??"]
[Round "2"]
[White "Vaisser, Anatoli"]
[Black "Gallagher, Joseph G"]
[Result "0-1"]
[WhiteElo "2540"]
[BlackElo "2470"]
[PlyCount "120"]
[EventDate "1990.??.??"]
[Source "ChessBase"]

1. d4 Nf6 2. c4 g6 3. Nc3 Bg7 4. e4 d6 5. f4 O-O 6. Nf3 Na6 7. Bd3 Bg4 8. Be3 c5 9. d5 e6 10. O-O exd5 11. exd5 Re8 12. Bd2 Qd7 13. a3 Nc7 14. b4 cxb4 15. axb4 b5 16. Ra5 a6 17. Qb3 Bxf3 18. Rxf3 Ng4 19. Nd1 bxc4 20. Bxc4 Nb5 21. Bxb5 axb5 22. h3 Nf6 23. Nf2 Qb7 24. f5 Rac8 25. fxg6 hxg6 26. Bc3 Qxd5 27. Qxd5 Nxd5 28. Bxg7 Kxg7 29. Rxb5 Rc1+ 30. Kh2 Ne3 31. h4 Re7 32. g4 Rc4 33. Kh3 f5 34. g5 Nc2 35. Rd5 Nd4 36. Rd3 Ne6 37. Kg3 Nf4 38. Rxd6 Nxd3 39. Rxd3 Rxb4 40. Rf3 Reb7 41. h5 gxh5 42. Rxf5 Kg6 43. Rf8 Rb3+ 44. Kf4 Rf7+ 45. Rxf7 Kxf7 46. Ne4 Kg6 47. Nd2 Rb4+ 48. Kg3 Rg4+ 49. Kh3 Kxg5 50. Nf3+ Kf4 51. Nd4 Ke4 52. Ne2 Kf3 53. Nc3 Rg1 54. Kh2 Rc1 55. Nd5 Rc5 56. Nf6 Rf5 57. Ng8 Rf8 58. Ne7 Kg4 59. Nd5 Rf2+ 60. Kg1 Rf3 0-1

[Event "Aurec"]
[Site "Aurec"]
[Date "1999.02.20"]
[Round "?"]
[White "Flear, Glenn C"]
[Black "Chatalbashev, Boris"]
[Result "0-1"]
[WhiteElo "2484"]
[BlackElo "2524"]
[PlyCount "78"]
[EventDate "1999.02.??"]
[Source "www.chesslib.no"]
[SourceDate "2004.05.04"]

1. d4 g6 2. c4 Bg7 3. e4 c5 4. d5 d6 5. f4 Nf6 6. Nc3 e5 7. fxe5 dxe5 8. Nf3 O-O 9. Bd3 Ne8 10. O-O Nd6 11. Be3 b6 12. a3 Bg4 13. Qe1 Nd7 14. Nd2 f5 15. b4 f4 16. Bf2 g5 17. bxc5 Nxc5 18. Bxc5 bxc5 19. Be2 Bd7 20. Qd1 Qa5 21. Rc1 Rab8 22. Bg4 Be8 23. Rb1 Rxb1 24. Ncxb1 Bg6 25. Qf3 Rb8 26. Bh5 Rb2 27. Bxg6 hxg6 28. Rd1 Qa4 29. Rc1 Rc2 30. Rxc2 Qxc2 31. h3 Kh7 32. Qe2 Bf6 33. Kh2 Kh6 34. Qf2 Nxe4 35. Nxe4 Qxe4 36. Qxc5 Qxb1 37. Qxa7 Qc2 38. Qf7 f3 39. Qf8+ Kh5 0-1

[Event "Candas Open"]
[Site "Candas"]
[Date "1992.??.??"]
[Round "7"]
[White "Spraggett, Kevin B"]
[Black "Barlov, Dragan"]
[Result "1/2-1/2"]
[WhiteElo "2545"]
[BlackElo "2460"]
[PlyCount "110"]
[EventDate "1992.10.??"]
[Source "www.chesslib.no"]
[SourceDate "2004.05.04"]

1. d4 g6 2. c4 Bg7 3. e4 d6 4. Nc3 Nf6 5. f4 O-O 6. Nf3 c5 7. dxc5 Qa5 8. Bd3 Qxc5 9. Qe2 Bg4 10. Be3 Qa5 11. Rc1 Nc6 12. O-O Nd7 13. Qd2 Bxf3 14. Rxf3 Nc5 15. Bb1 Rfc8 16. Rf2 Na4 17. Nd1 Qxd2 18. Rxd2 b6 19. Kf2 Kf8 20. Kf3 Nc5 21. Nc3 Ne6 22. Ne2 Na5 23. b3 Nc6 24. h4 Nc5 25. Nc3 Ne6 26. g3 Rab8 27. Rdd1 a6 28. Kf2 Bd4 29. Nd5 Bxe3+ 30. Kxe3 Nc7 31. g4 Ne8 32. Bd3 e6 33. Nc3 Ke7 34. Be2 Nc7 35. Bf3 Ne8 36. Rh1 Na7 37. h5 b5 38. hxg6 hxg6 39. Be2 bxc4 40. Bxc4 a5 41. g5 Nc7 42. Rh7 Rh8 43. Rch1 Rxh7 44. Rxh7 Nc6 45. Bd3 Rg8 46. a3 d5 47. exd5 exd5 48. Ne2 Ne6 49. Bb5 Rc8 50. Bd3 Nf8 51. Rh3 Rb8 52. Bc2 Ne6 53. Rh7 Nf8 54. Rh3 Ne6 55. Rh7 Nf8 1/2-1/2

[Event "XIX Czech Chladek & Tintera A Open"]
[Site "Pardubice CEC"]
[Date "2008.07.20"]
[Round "3"]
[White "Chernyshov, K."]
[Black "Stopa, Ja"]
[Result "1/2-1/2"]
[WhiteElo "2565"]
[BlackElo "2440"]
[PlyCount "74"]
[EventDate "2008.07.18"]
[Source "www.chesslib.no"]
[SourceDate "2004.05.04"]

1. c4 Nf6 2. Nc3 g6 3. e4 d6 4. d4 Bg7 5. f4 O-O 6. Nf3 Na6 7. Bd3 Bg4 8. h3 Bxf3 9. Qxf3 Nd7 10. Be3 Nb4 11. Rd1 e5 12. fxe5 c5 13. O-O cxd4 14. Bxd4 Nxe5 15. Bxe5 Bxe5 16. Kh1 Qg5 17. Bb1 Nc6 18. g4 Rad8 19. b3 Kg7 20. Nd5 Rd7 21. Qe3 h6 22. Rd3 b6 23. Bc2 Qxe3 24. Rxe3 Nd4 25. Bd1 Rc8 26. Kg2 Rb7 27. Rd3 Ne6 28. Rd2 a5 29. a4 Nc5 30. Re1 Re8 31. Re3 Ne6 32. Red3 Bf4 33. Re2 Bc1 34. Bc2 Rh8 35. h4 Re8 36. Rd1 Bb2 37. Bb1 Be5 1/2-1/2